Los campesinos hondureños: ¿transición agraria hacia la exlcusión social? /
Salvato in:
| Autore principale: | |
|---|---|
| Natura: | testo |
| Soggetti: | |
| Tags: |
Aggiungi Tag
Nessun Tag, puoi essere il primo ad aggiungerne!!
|
MARC
| LEADER | 00000 a a2200000 04500 | ||
|---|---|---|---|
| 001 | 14214 | ||
| 003 | |||
| 040 | |||
| 100 | |a Touza - Lara, Ana Laura | ||
| 245 | |a Los campesinos hondureños: |b ¿transición agraria hacia la exlcusión social? / |c Ana Laura Touza - Lara | ||
| 650 | |a CAMPESINOS | ||
| 650 | |a SECTOR AGRICOLA | ||
| 650 | |a CAPITALISMO | ||
| 650 | |a HONDURAS | ||
| 773 | |g volumen 3, número 1; páginas 47-82 | ||
| 999 | |c 34987 |d 34987 | ||
